000 02131nam a22003494c 4500
001 195499
003 SpMaBN
005 20250711063127.0
008 240619s2023 sp | |||| 000 0 spa
015 _aMON23
017 _aM 3439-2023
_bOficina Depósito Legal Madrid
020 _a9788413845500
040 _aSpMaBN
_bspa
_cSpMaBN
_erda
_dES-MaACL
100 _aPelta Fernández, Roberto
_9237095
_eaut
245 1 _aPuro veneno :
_btóxicos, ponzoñas y otras maneras de matar /
_cRoberto Pelta Fernández
250 _aPrimera Edición: marzo 2023
260 _aMadrid :
_bLa Esfera de los Libros,
_c2023.
264 1 _bLa Esfera de los Libros,
_c2023
300 _a383 páginas ;
_c24 cm
336 _aTexto
_2rdacontent
337 _asin mediación
_2rdamedia
338 _avolumen
_2rdacarrier
520 _aTiene en sus manos un libro inquietante. En él se guarda gran parte del conocimiento acumulado a lo largo de la historia sobre las sustancias más letales obtenidas de la naturaleza o en el laboratorio. Un compendio detallado de maneras de matar, con discreción a veces; de forma indiscriminada y masiva otras; causando dolor y un terrible sufrimiento siempre. Hay muchos ejemplos en la historia que demuestran el uso que mentes criminales han dado a los venenos. Desde conseguir un reino hasta lograr una herencia; por venganza o desamor, poder o celos. Algunos de ellos, los más siniestros, se traen a estas páginas. Si las abre, sepa que se adentrará en un mundo perturbador. Está advertido.
852 _aES-MaACL
_cDEPOJ
_jN-10025
_gDedicatoria autógrafa del autor
_hDonación: Roberto Pelta Fernández
_xEncuadernación rústica con solapas
_9206172
903 _9237095
_aPelta Fernández, Roberto
_ednr
942 _cMONOGRAFIA
_n0
999 _c195499
_d195499